书目信息 |
| 题名: |
朗园
|
|
| 作者: | 赵玫 著 | |
| 分册: | ||
| 出版信息: | 沈阳 春风文艺出版社 |
|
| 页数: | 396页 | |
| 开本: | 32开 | |
| 丛书名: | ||
| 单 册: | ||
| 中图分类: | I247.5 | |
| 科图分类: | ||
| 主题词: | 小说--中国 | |
| 电子资源: | ||
| ISBN: | 7-5313-1301-4 | |
| 000 | 00499nam0 2200193 45 | |
| 001 | 0011162013 | |
| 005 | 20001116205906.9 | |
| 010 | @a7-5313-1301-4@d18.80元 | |
| 100 | @a20001116d km y0chiy0120 ea | |
| 101 | 0 | @achi |
| 105 | @a z 000yy | |
| 200 | 1 | @a朗园@ALang Yuan@f赵玫著@FZhao Mei Zhu |
| 210 | @a沈阳@c春风文艺出版社 | |
| 215 | @a396页@d32开 | |
| 606 | 0 | @a小说@x中国 |
| 690 | @aI247.5@v3 | |
| 701 | 0 | @a赵玫@4著 |
| 801 | @aCN@bPftUser@c20001116 | |
| 905 | @b410957@dI247.5@eZH.116/2@f1 | |
| 朗园/赵玫著.-沈阳:春风文艺出版社 |
| 396页;32开 |
| ISBN 7-5313-1301-4:18.80元 |
| ● |
| 相关链接 |
|
|
|
正题名:朗园
索取号:I247.5/ZH.116/2
 
预约/预借
| 序号 | 登录号 | 条形码 | 馆藏地/架位号 | 状态 | 备注 |
| 1 | 410957 | 204109570 | 社科二线422/422社科库 4排1列1层/ [索取号:I247.5/ZH.116/2] | 在馆 |